Southville International School and Colleges
Your cart is empty.
  • Cart
  • Lists
    Public lists Eva Luna New books Lux_list list_1
    Your lists Log in to create your own lists
  • Log in to your account
  • Your cookies
  • Search history
Southville International School and Colleges
  • Advanced search
  • Recent comments
  • Most popular
  • Libraries

Log in to your account

Log in with GOOGLE


If you do not have an external account, but do have a local account, you can still log in:

  1. Home
  2. MARC view: Riding the rough /
Normal view MARC view ISBD view

Riding the rough / (Record no. 12161)

[ view plain ]
MARC details
000 -LEADER
fixed length control field 00629nam a22002177a 4500
003 - CONTROL NUMBER IDENTIFIER
control field LC
005 - DATE AND TIME OF LATEST TRANSACTION
control field 20160322121952.0
008 - FIXED-LENGTH DATA ELEMENTS--GENERAL INFORMATION
fixed length control field 130926t xxu||||| |||| 00| 0 eng d
020 ## - INTERNATIONAL STANDARD BOOK NUMBER
International Standard Book Number 9781869434427
050 ## - LIBRARY OF CONGRESS CALL NUMBER
Classification number PZ 7
Item number .B823 2000
082 ## - DEWEY DECIMAL CLASSIFICATION NUMBER
Classification number FIC
Item number B73r 2000
100 ## - MAIN ENTRY--PERSONAL NAME
Personal name Brassi, G
9 (RLIN) 21820
245 ## - TITLE STATEMENT
Title Riding the rough /
Statement of responsibility, etc G Brassi.
260 ## - PUBLICATION, DISTRIBUTION, ETC. (IMPRINT)
Place of publication, distribution, etc Auckland :
Name of publisher, distributor, etc Scholastic,
Date of publication, distribution, etc 2000.
300 ## - PHYSICAL DESCRIPTION
Extent 141 p. :
Other physical details ill. ;
Dimensions 19 cm.
650 ## - SUBJECT ADDED ENTRY--TOPICAL TERM
Topical term or geographic name as entry element Water skiing
General subdivision Ficition.
9 (RLIN) 21821
650 ## - SUBJECT ADDED ENTRY--TOPICAL TERM
Topical term or geographic name as entry element Single
General subdivision Parent
-- families
-- Fiction.
9 (RLIN) 21822
650 ## - SUBJECT ADDED ENTRY--TOPICAL TERM
Topical term or geographic name as entry element Mothers and daughters
General subdivision Fiction.
9 (RLIN) 21823
942 ## - ADDED ENTRY ELEMENTS (KOHA)
Source of classification or shelving scheme Library of Congress Classification
Koha item type Books
Holdings
Withdrawn status Lost status Source of classification or shelving scheme Damaged status Home library Current library Shelving location Date acquired Total Checkouts Full call number Barcode Date last seen Copy number Price effective from Koha item type
    Library of Congress Classification   Luxembourg Library Luxembourg Library Fiction Section 09/26/2013   PZ 7 .B823 2000 14720 02/04/2015 1 09/26/2013 Books

Riding the rough /

APA

Brassi G., . (2000). Riding the rough. Auckland: Scholastic.

Chicago

Brassi G, . 2000. Riding the rough. Auckland: Scholastic.

Harvard

Brassi G., . (2000). Riding the rough. Auckland: Scholastic.

MLA

Brassi G, . Riding the rough. Auckland: Scholastic. 2000.

  • Place hold
  • Print
  • Cite
  • Add to your cart (remove)
  • Save record
    BIBTEX Dublin Core MARCXML MARC (non-Unicode/MARC-8) MARC (Unicode/UTF-8) MARC (Unicode/UTF-8, Standard) MODS (XML) RIS
  • More searches
    Search for this title in:
    Other Libraries (WorldCat) Other Databases (Google Scholar) Online Stores (Bookfinder.com) Open Library (openlibrary.org)

Exporting to Dublin Core...

SOUTHVILLE LIBRARY

Southville International School and Colleges Library

1281 Tropical Ave. Cor. Luxembourg St., BF Homes International, Las Pinas City

Tel. No. 8256374 / 252358 Loc. 117/146

Powered by Koha